La revolución y la fe : una antología general /
محفوظ في:
| المؤلف الرئيسي: | |
|---|---|
| مؤلفون آخرون: | , , , , |
| التنسيق: | الكتروني كتاب الكتروني |
| اللغة: | الإسبانية |
| منشور في: |
Ciudad de México :
Fondo de Cultura Económica : Fundación para las Letras Mexicanas : Universidad Nacional Autónoma de México,
2016.
|
| الطبعة: | Primera edición electrónica. |
| سلاسل: | Biblioteca americana (Fondo de Cultura Económica (Mexico)). Viajes al siglo XIX.
|
| الموضوعات: | |
| الوصول للمادة أونلاين: | Digitalia Hispánica |
| الوسوم: |
إضافة وسم
لا توجد وسوم, كن أول من يضع وسما على هذه التسجيلة!
|
MARC
| LEADER | 00000nam a2200000Ii 4500 | ||
|---|---|---|---|
| 001 | DIGFCE1303 | ||
| 003 | NyNyDIG | ||
| 006 | m o d | ||
| 007 | cr ||||||||||| | ||
| 008 | 220207s2016 mx ob 001 0 spa d | ||
| 035 | |a (OCoLC)1319853594 | ||
| 040 | |a DGITA |b eng |e rda |e pn |c DGITA | ||
| 020 | |a 9786071644077 |q eBook |q ePub |q FCE | ||
| 020 | |a 9786070283994 |q eBook |q ePub |q UNAM | ||
| 020 | |z 9786071612656 |q FCE | ||
| 020 | |z 9786070240539 |q UNAM | ||
| 043 | |a n-mx--- | ||
| 050 | 1 | 4 | |a BX1428 ebook |
| 082 | 0 | 4 | |a 972.03 |
| 100 | 1 | |a Mier Noriega y Guerra, José Servando Teresa de, |d 1763-1827, |e author. | |
| 245 | 1 | 3 | |a La revolución y la fe : |b una antología general / |c Fray Servando Teresa de Mier ; selección y estudio preliminar, Begoña Pulido Herráez ; ensayos críticos, Cristina Gómez Álvarez, Mariana Ozuna Castañeda, José Javier Villarreal ; cronología, Héctor Fernando Vizcarra, Begoña Pulido Herráez. |
| 250 | |a Primera edición electrónica. | ||
| 264 | 1 | |a Ciudad de México : |b Fondo de Cultura Económica : |b Fundación para las Letras Mexicanas : |b Universidad Nacional Autónoma de México, |c 2016. | |
| 300 | |a 1 online resource. | ||
| 336 | |a text |b txt |2 rdacontent | ||
| 337 | |a computer |b c |2 rdamedia | ||
| 338 | |a online resource |b cr |2 rdacarrier | ||
| 347 | |a text file |2 rdaft | ||
| 347 | |b EPUB | ||
| 490 | 1 | |a Biblioteca americana. Serie viajes al siglo XIX | |
| 504 | |a Includes bibliographical references and index. | ||
| 588 | 0 | |a Online resource; title from ePub title page (Digitalia, viewed February 7, 2022) | |
| 651 | 0 | |a Mexico |x Church history |y 19th century. | |
| 651 | 0 | |a Mexico |x History |y Wars of Independence, 1810-1821. | |
| 700 | 1 | |a Pulido Herráez, Begoña, |d 1963- |e editor, |e contributor agent of text. | |
| 700 | 1 | |a Gómez Álvarez, Cristina, |e contributor agent of text. | |
| 700 | 1 | |a Ozuna Castañeda, Mariana, |e contributor agent of text. | |
| 700 | 1 | |a Villarreal, José Javier, |e contributor agent of text. | |
| 700 | 1 | |a Vizcarra, Héctor Fernando, |e contributor agent of text. | |
| 655 | 0 | |a Electronic books. | |
| 791 | 2 | |a Digitalia (Firm), |e distributor. | |
| 793 | 0 | |g Digitalia eBook Collection: |a Fondo de Cultura Económica | |
| 776 | 0 | 8 | |i Print version: |a Mier Noriega y Guerra, José Servando Teresa de, 1763-1827. |t Revolución y la fe. |b Primera edición. |d Ciudad de México : Fondo de Cultura Económica : Fundación para las Letras Mexicanas : Universidad Nacional Autónoma de México, [2013] |z 9786071612656 |
| 830 | 0 | |a Biblioteca americana (Fondo de Cultura Económica (Mexico)). |p Viajes al siglo XIX. | |
| 856 | 4 | 0 | |3 Digitalia Hispánica |u https://digitalia.unach.elogim.com/a/64668/ |
| 910 | |a Premium collection: 2022 | ||